000 009540000a22001570004500
041 0 _aTenxto en Inga y español
090 _aAV 0436
100 1 _aTandioy Jansasoy, Francisco
245 1 0 _aIscay huagchucunamanda parlu = Los dos huérfanos / Francisco Tandioy Jansasoy
260 _aColombia : Towsend
300 _a50 p.
505 0 0 _aCallarisunchi = introducción -- Huamracuna sachucuma sitay tucuscamanda = botados en la selva -- Cuca ahuilpa julina huasipi caugsascamanda = en la casa de la bruja -- Cuca ahulata imasa hañuchiscamanda = cómo eliminaron a la bruja -- Cuichi imasa hamracunata michascamanda = Cómo el arco iris salvó a los niños -- Panindita imasa pasariscamanda = Que le ocurrió a la hermana -- Turundita imasa pasariscamanda = Qué le aconteció al hermano -- Vocabulario
650 1 4 _aLENGUAS INDIGENAS - INGA \ LENGUAJE Y LENGUAS - INDIGENAS DE COLOMBIA \ CUENTOS - INDIGENAS DE COLOMBIA
001 17883
942 _cBK
999 _c44378
_d44378